000 00764nam a2200181 a 4500
008 120416s1990 ||||||||||||||||| || u
050 _aHC 800 Bey
100 _aAchebe, Chinua
245 1 0 _aBeyond hunger in Africa
246 _aconventional wisdom and vision of Africa in 2057
260 _aNairobi
_bHeinemann
_c1990
300 _axii, 148p. : ill.
350 _a0.00
650 0 _aECONOMICS
650 _aECONOMIC DEVELOPMENT--AFRICA--2057
995 _aANNEX COLLECTION (Main Library)
_D0.00
_e723498
_FCBU-MAIN LIBRARY (Kitwe)
_H1
_I6.95
_jHC 800 Bey
_M1
_UAVAILABLE
_y003268
_ZAnnex Low-Usage Collection
995 _aANNEX COLLECTION (Main Library)
_D0.00
_e723499
_FCBU-MAIN LIBRARY (Kitwe)
_H2
_I6.95
_jHC 800 Bey
_M2
_UAVAILABLE
_y003267
_ZAnnex Low-Usage Collection
999 _c84620
_d84620